000 00712nam0a22002531 4500
001 rc\205089
005 20250620232124.0
010 _a5-85585-962-2
_925000
035 _a(NLR Aleph) 005456907
090 _a4916826
_c4916826
100 _a20030307d1997 |||y0rusy50 ca
101 0 _arus
102 _aRU
105 _ay |||||||||
200 1 _aКлятва верности
_e[Роман]
_fШирл Хенке
_g[Пер. с англ. П.Г. Любимова]
210 _aМ.
_cЭКСМО
_d1997
215 _a477 с.
_d17
225 1 _aСоблазны
700 1 _aХенк
_bШ.
_gШирл
801 0 _aRU
_bNLR
_gpsbo
801 1 _aRU
_bELAR
_2rusmarc
852 _aNLR
_j97-2/351
942 _cBOOK
980 _aNB